Aktuálne (ulohy žurnalistiky.)

Podrobná bibliografia
Hlavný autor: Bachár, Štefan, 1937- (Autor)
Médium: Článok
Jazyk:slovenčina
Predmet:

MARC

LEADER 00000nab a2200000 a 4500
001 vtls000372450
003 SK-MaSNL
005 20260311224900.0
008 140527c1989 xo 0 slo
015 |a SNBRB19rr/mm-uuuuu 
035 |a CL0372572 
040 |a SNKBUCL  |b slo  |c SNKBUCL  |e AACR2 
041 0 |a slo 
044 |a xo  |c SK 
080 |a 07(437)  |2 1981 
100 1 |a Bachár, Štefan,  |d 1937-  |4 aut  |9 209041 
245 1 0 |a Aktuálne (ulohy žurnalistiky.)  |c Štefan Bachar ; Štefan Bachár 
650 0 7 |a žurnalistika  |2 SNKPH  |9 951 
651 7 |a Československo  |2 SNKPHgeo  |9 21376 
655 7 |a články z novín a časopisov  |2 snkbucl  |9 267496 
700 1 |a Bachár, Štefan,  |d 1937-  |4 aut  |9 209041 
773 0 |t Otázky žurnalistiky  |g Roč. 32, č. 3 (1989), s. 1-4 
850 |a Slovenská národná knižnica v Martine  |a MTA001 
852 |a SNK  |b KIS3GCP 
958 |a RK 
992 |a RBX 
999 |c 3262933  |d 3264863